| 000 | 01055nam a22003257a 4500 | ||
|---|---|---|---|
| 003 | CHAP | ||
| 005 | 20220329135019.0 | ||
| 008 | 971013s r 00010 d | ||
| 010 | _a29567 | ||
| 011 | _a30539 | ||
| 035 | _a34651 | ||
| 040 | _cCHAP | ||
| 090 | _aFolleto 3159 | ||
| 100 | 0 | 0 |
_aMagdub Méndez, Abdo. _969830 |
| 245 | _aFuentes de información en la difusión del cultivo de la soya en el Valle del Yaqui | ||
| 260 |
_a(s.l. : _bs.e.), _c(s.a.) |
||
| 300 | _a23 p | ||
| 590 |
_aBATCH-UPD _b10 _c20130110 _lUCH01 _h0024 |
||
| 590 |
_aBATCH-UPD _b10 _c20130110 _lUCH01 _h1856 |
||
| 590 |
_aBATCH-UPD _b10 _c20130409 _lUCH01 _h2005 |
||
| 590 |
_aBATCH-UPD _b10 _c20130410 _lUCH01 _h1225 |
||
| 590 |
_aBATCH-UPD _b10 _c20130914 _lUCH01 _h1338 |
||
| 590 |
_aCONVERSION _b10 _c20130109 _lUCH01 _h1317 |
||
| 650 | 1 | 4 |
_aAgricultura _xInnovaciones tecnológicas. _91565 |
| 650 | 1 | 4 |
_aExtensión agrícola _xSonora. _939187 |
| 650 | 1 | 4 |
_aSoya _xSonora. _9109090 |
| 901 | _aBK | ||
| 942 | _cFOLL | ||
| 949 |
_aFolleto 3159 _bBC _cFOLL _d-80147 _eTS1 _i34651 _mD _si |
||
| 999 |
_c29567 _d29567 |
||